书目信息 |
| 题名: |
物流管理新论
|
|
| 作者: | 戢守峰 主编 | |
| 分册: | ||
| 出版信息: | 北京 科学出版社 2004 |
|
| 页数: | 312页 | |
| 开本: | 24cm | |
| 丛书名: | ||
| 单 册: | ||
| 中图分类: | F250 | |
| 科图分类: | ||
| 主题词: | 物流--物资管理 , 物流 , 物资管理 , 物资经济 | |
| 电子资源: | ||
| ISBN: | 7-03-012659-9 | |
| 000 | 00795nam0 2200265 450 | |
| 001 | 1150634196 | |
| 005 | 20111004140704.43 | |
| 010 | @a7-03-012659-9@dCNY28.00 | |
| 100 | @a20040308d2004 em y0chiy50 ea | |
| 101 | 0 | @achi |
| 102 | @aCN@b110000 | |
| 105 | @ay z 000yy | |
| 200 | 1 | @a物流管理新论@Awu liu guan li xin lun@f戢守峰主编 |
| 210 | @a北京@c科学出版社@d2004 | |
| 215 | @a312页@d24cm | |
| 330 | @a本书从管理学的角度,以客户服务为核心,以物流成本和绩效分析为主线,阐述物流管理的发展过程、基本理论和各职能物流等内容。 | |
| 510 | 1 | @aLogistics Management@zeng |
| 606 | 0 | @a物流@x物资管理 |
| 606 | 0 | @a物流 |
| 606 | 0 | @a物资管理 |
| 606 | 0 | @a物资经济 |
| 690 | @aF250@v4 | |
| 701 | 0 | @a戢守峰@Aji shou feng@4主编 |
| 801 | 0 | @aCN@bNLC@c20101222 |
| 905 | @a10447@dF250@eJY26 | |
| 物流管理新论/戢守峰主编.-北京:科学出版社,2004 |
| 312页;24cm |
| ISBN 7-03-012659-9:CNY28.00 |
| 本书从管理学的角度,以客户服务为核心,以物流成本和绩效分析为主线,阐述物流管理的发展过程、基本理论和各职能物流等内容。 |
| ● |
| 相关链接 |
|
|
|
|
正题名:物流管理新论
索取号:F250/JY26
 
预约/预借
| 序号 | 登录号 | 条形码 | 馆藏地/架位号 | 状态 | 备注 |
| 1 | 7813544 | 278135448 | 学院路分馆/ [索取号:F250/JY26] | 在馆 | |
| 2 | 7813545 | 278135457 | 学院路分馆/ [索取号:F250/JY26] | 在馆 | |
| 3 | 7813546 | 278135466 | 学院路分馆/ [索取号:F250/JY26] | 在馆 | |
| 4 | 7813547 | 278135475 | 学院路分馆/ [索取号:F250/JY26] | 在馆 |